Dolph Lundgren Filmography - Statistics

General Stats
  • This quiz has been taken 133 times
    34 since last reset
  • The average score is 46 of 128
Answer Stats
Type Year Name % Correct
Film 1985 Rocky IV
100%
Film 1989 The Punisher
87%
Film 1987 Masters of the Universe
80%
Film 2010 The Expendables
80%
Film 1992 Universal Soldier
80%
Film 1988 Red Scorpion
73%
Film 2012 The Expendables 2
73%
Video Game 2012 The Expendables 2 Videogame
73%
Film 2018 Creed II
67%
Film 1991 Showdown in Little Tokyo
67%
Film 2014 The Expendables 3
67%
Film 1985 A View to a Kill
60%
Film 2009 Command Performance
60%
Film 1995 Johnny Mnemonic
60%
Film 2023 The Expendables 4
60%
Film 1993 Joshua Tree
53%
Film 2005 The Mechanik
53%
Film 2012 Universal Soldier: Day of Reckoning
53%
Film 2009 Universal Soldier: Regeneration
53%
Film 2018 Aquaman
47%
TV Film 1998 Blackjack
47%
Short Documentary 2021 Dolph Lundgren: Action!
47%
Film 2004 Fat Slags
47%
Film 1990 I Come in Peace
47%
Film 2000 Jill Rips
47%
Film 2016 Kindergarten Cop 2
47%
Film 2015 Shark Lake
47%
Film 1996 Silent Trigger
47%
Film 1999 Storm Catcher
47%
Film 2004 The Defender
47%
Film 1998 The Minion
47%
Film 1997 The Peacekeeper
47%
Film 1995 The Shooter
47%
Film 2000 Agent Red
40%
Film 2013 Ambushed
40%
Film 2023 Aquaman and the Lost Kingdom
40%
TV Show 2016-2017 Arrow
40%
Film 2018 Black Water
40%
Film 2013 Blood of Redemption
40%
Film 1999 Bridge of Dragons
40%
Film 1991 Cover Up
40%
Film 2017 Dead Trigger
40%
Film 2003 Detention
40%
Film 2007 Diamond Dogs
40%
Film 2004 Direct Action
40%
Film 2009 Direct Contact
40%
Film 2016 Don't Kill It
40%
Film 2001 Hidden Agenda
40%
Film 2010 Icarus
40%
TV Show 2019 It's Always Sunny in Philadelphia
40%
Film 2013 Legendary: Tomb of the Dragon
40%
Film 1994 Men of War
40%
Film 2022 Minions: The Rise of Gru
40%
Film 2007 Missionary Man
40%
Film 2012 One in the Chamber
40%
Film 1994 Pentathlon
40%
Film 2014 Puncture Wounds
40%
Film 2004 Retrograde
40%
Film 2015 Riot
40%
Film 2014 Skin Trade
40%
Film 2012 Small Apartments
40%
Film 2012 Stash House
40%
Film 1994 Sunny Side Up
40%
Film 1998 Sweepers
40%
Film 2015 The Good, the Bad, and the Dead
40%
Film 2006 The Inquiry
40%
Film 2000 The Last Warrior
40%
Film 2013 The Package
40%
Film 2015 War Pigs
40%
Film 2019 Acceleration
33%
Film 2017 Altitude
33%
Film 2013 Battle of the Damned
33%
Music Video 2017 Believer
33%
TV Show 2018 Broken Sidewalk
33%
Film 2021 Castle Falls
33%
TV Show 2010 Chuck
33%
Film 2022 Come Out Fighting
33%
Film 2016 Female Fight Club
33%
Film 2019 Hard Night Falling
33%
Film 2025 Hellfire
33%
Film 2011 In the Name of the King 2: Two Worlds
33%
Film 2017 Larceny
33%
Workout Video 1987 Maximum Potential
33%
Film 2022 Operation Seawolf
33%
Film 2021 Pups Alone
33%
TV Show 2013-2014 SAF3
33%
Film 2021 Seal Team
33%
Film 2022 Section 8
33%
Film 2023 The Best Man
33%
Film 2019 The Tracker
33%
Film 2024 Wanted Man
33%
Film 2016 Welcome to Willits
33%
TV Show 2015 Workaholics
33%
Film 2025 Exit Protocol
27%
Film 2016 Hail, Caesar!
27%
Short Film 1988 R.P.G. II
27%
TV Show 2015 Sanjay and Craig
27%
TV Film 2017 Sharknado 5: Global Swarming
27%
Commercial 2017 John Deere
20%
Film 2017 Malchisnik
20%
Commercial 2022 Old Spice
20%
Director 2005 The Russian Specialist
20%
TV Film 2017 Tour de Pharmacy
20%
Theater 1994 Another Octopus
13%
Music Video 1992 Body Count's in the House
13%
Documentary TBA Dolph: Fights Worth Fighting
13%
Theater 1995 Force Majeure
13%
TV Mini-Series 2010 Melodifestivalen 2010
13%
Film 2025 Mutant Year Zero
13%
Film 2023 Showdown at the Grand
13%
TV Show 2021 The International
13%
Theater 1994 Watching Fire
13%
Commercial 2024 FanDuel
7%
TV Show 2013 Race to the Scene
7%
Short Documentary 2022 Dolph Angel
0%
Documentary 2022 Dolph vs. Alien
0%
Short Documentary 2012 Hath No Fury: Dolph Lundgren and the Road to Red Scorpion
0%
TV Show 2023 Hell's Kitchen
0%
TV Special 2020 In Light of Youth
0%
TV Show 2021 Million Dollar Listing Los Angeles
0%
Commercial 2010 Norton Internet Security
0%
TV Special 2016 Rejected Commercials: Dolph Lundgren
0%
Commercial 2009 SilverSands
0%
Short Film 2024 Supercell's Squad Busters: Squad Up!
0%
TV Show 2018 Take the Tower
0%
Commercial 2020 TD Ameritrade
0%
Web Series 2023 The Family Stallone
0%
Award Show 2019 XI Annual Fighters Only World MMA Awards
0%
No matching quizzes found
Score Distribution
Percent of People with Each Score
Percentile by Number Answered
Your Score History
You have not taken this quiz since the last reset